Find The Odd Country Out! - Statistics

General Stats
  • This quiz has been taken 163 times
    110 since last reset
  • The average score is 45 of 64
Answer Stats
Question Tile Select % Correct
Find the odd country out Nigeria No
87%
Find the odd country out Algeria No
86%
Find the odd country out Norway No
86%
Find the odd country out Russia No
86%
Find the odd country out Spain No
86%
Find the odd country out Oman No
85%
Find the odd country out Portugal No
85%
Find the odd country out Libya No
84%
Find the odd country out Brazil No
83%
Find the odd country out Indonesia No
83%
Find the odd country out Ireland No
82%
Find the odd country out Japan No
79%
Find the odd country out Norway No
79%
Find the odd country out Eritrea No
78%
Find the odd country out Greece No
78%
Find the odd country out Canada No
77%
Find the odd country out Croatia No
77%
Find the odd country out Ireland No
77%
Find the odd country out Serbia No
77%
Find the odd country out Sweden No
77%
Find the odd country out Switzerland No
77%
Find the odd country out Finland No
76%
Find the odd country out Ukraine No
76%
Find the odd country out Albania No
74%
Find the odd country out United Kingdom No
74%
Find the odd country out Estonia No
73%
Find the odd country out Iceland No
72%
Find the odd country out Germany No
71%
Find the odd country out Malta No
71%
Find the odd country out Russia No
71%
Find the odd country out South Korea No
71%
Find the odd country out Bosnia and Herzegovina No
70%
Find the odd country out Canada No
70%
Find the odd country out China No
70%
Find the odd country out Mexico No
70%
Find the odd country out United States No
70%
Find the odd country out Bulgaria No
69%
Find the odd country out France No
69%
Find the odd country out Lithuania No
68%
Find the odd country out Portugal No
68%
Find the odd country out Spain No
68%
Find the odd country out Vietnam No
68%
Find the odd country out Belarus No
67%
Find the odd country out Canada No
67%
Find the odd country out Latvia No
67%
Find the odd country out Malta No
67%
Find the odd country out Portugal No
67%
Find the odd country out China No
66%
Find the odd country out India No
66%
Find the odd country out Australia No
65%
Find the odd country out Mexico No
65%
Find the odd country out Russia No
65%
Find the odd country out Brazil No
64%
Find the odd country out Brazil No
64%
Find the odd country out Kuwait No
64%
Find the odd country out Saudi Arabia No
64%
Find the odd country out Croatia No
61%
Find the odd country out South Africa No
61%
Find the odd country out Cyprus No
60%
Find the odd country out Syria Yes
55%
Find the odd country out New Zealand No
53%
Find the odd country out Australia Yes
24%
Find the odd country out Saudi Arabia Yes
22%
Find the odd country out Andorra Yes
18%
No matching quizzes found
Score Distribution
Percent of People with Each Score
Percentile by Number Answered
Your Score History
You have not taken this quiz since the last reset